Central Library OPAC University of Rajshahi

বজ্রে চেরা আঁধার আমার / (Record no. 48752)

MARC details
000 -LEADER
fixed length control field 00810nam a2200229 a 4500
001 - CONTROL NUMBER
control field 48752
003 - CONTROL NUMBER IDENTIFIER
rucl marc code BD-RjUL
005 - DATE AND TIME OF LATEST TRANSACTION
control field 20211209054559.0
008 - FIXED-LENGTH DATA ELEMENTS--GENERAL INFORMATION
fixed length control field 160816s1976 BG |||| |||| 00| 0 ben d
020 ## - INTERNATIONAL STANDARD BOOK NUMBER
Terms of availability :TK. 7.00
035 ## - SYSTEM CONTROL NUMBER
System control number (BD-RjUL)48871
040 ## - CATALOGING SOURCE
Original cataloging agency BD-RjUL
Language of cataloging ben
Transcribing agency BD-RjUL
041 ## - LANGUAGE CODE
Language code of text/sound track or separate title ben
082 ## - DEWEY DECIMAL CLASSIFICATION NUMBER
Edition number 23
Classification number 891.441
Author mark and year RAB 1976
100 1# - MAIN ENTRY--PERSONAL NAME
Personal name রহমান, হাসান হাফিজুর
9 (RLIN) 147021
245 10 - TITLE STATEMENT
Title বজ্রে চেরা আঁধার আমার /
Statement of responsibility, etc. হাসান হাফিজুর রহমান
260 ## - PUBLICATION, DISTRIBUTION, ETC. (IMPRINT)
Place of publication, distribution, etc. ঢাকা :
Name of publisher, distributor, etc. সন্ধানী প্রকাশনী,
Date of publication, distribution, etc. ১৯৭৬
300 ## - PHYSICAL DESCRIPTION
Pagination ৬৮ পৃ ;
Size ২১ সেমি.
650 ## - SUBJECT ADDED ENTRY--TOPICAL TERM
Topical term or geographic name as entry element বাংলা কবিতা
9 (RLIN) 146440
Topical term or geographic name as entry element Bengali Poetry
9 (RLIN) 146441
942 ## - ADDED ENTRY ELEMENTS (KOHA)
Source of classification or shelving scheme Dewey Decimal Classification
Koha item type Books
Holdings
Lost status Source of classification or shelving scheme Damaged status Not for loan Collection code Permanent Location Current Location Shelving location Date acquired Source of acquisition Cost, normal purchase price Total Checkouts Full call number Date last seen Copy number Koha item type
  Dewey Decimal Classification     Non-fiction Central Library, University of Rajshahi Central Library, University of Rajshahi   08/08/1983 Aligore Library, Rajshahi 7.00   B 891.441 RAB 1976 16/08/2016 C-2 Books
  Dewey Decimal Classification     Non-fiction Central Library, University of Rajshahi Central Library, University of Rajshahi   08/08/1983 Aligore Library, Rajshahi 7.00   B 891.441 RAB 1976 16/08/2016 C-3 Books
  Dewey Decimal Classification     Non-fiction Central Library, University of Rajshahi Central Library, University of Rajshahi   08/08/1983 Aligore Library, Rajshahi 7.00   B 891.441 RAB 1976 16/08/2016 C-4 Books
  Dewey Decimal Classification     Non-fiction Central Library, University of Rajshahi Central Library, University of Rajshahi   08/08/1983 Aligore Library, Rajshahi 7.00   B 891.441 RAB 1976 16/08/2016 C-5 Books
  Dewey Decimal Classification     Non-fiction Central Library, University of Rajshahi Central Library, University of Rajshahi   08/08/1983 Aligore Library, Rajshahi 7.00   B 891.441 RAB 1976 16/08/2016 C-6 Books